| 000 | 00863nam a22001337a 4500 | ||
|---|---|---|---|
| 040 | _cRUA | ||
| 082 | _aAVM OUC B095 Or.1 | ||
| 100 | _aOUCH PISETH | ||
| 245 | _aEffect utlizaing water spinach as supplementation diet on para grass on growth rate at animal station of royal university of agriculture, (ឥទ្ធិពលនៃការប្រើប្រាស់ត្រកួនស្រស់ជាចំណីបន្ថែមលើស្មៅបារំាង លើការលូតលាស់ពពែ នៅស្ថានីយ៍ចិញ្ចឹមសត្វ នៃសាកលវិទ្យាល័យភូមិន្ទកសិកម្ម) | ||
| 260 |
_aphnom penh _brua _c2010 |
||
| 300 |
_aviii, 32p. _bill. _c29cm. |
||
| 856 | _uhttps://drive.google.com/file/d/1CYKiBStJ5kp2aLVkHc24dcrovdtV63lI/view?usp=sharing | ||
| 942 | _cAVM | ||
| 999 |
_c2445 _d2445 |
||